A practical approach to microarray data analysis
Gespeichert in:
| Format: | Buch |
|---|---|
| Sprache: | Undetermined |
| Veröffentlicht: |
Boston, MA
Kluwer Academic Publishers
2002
|
| Schlagworte: | |
| Tags: |
Tag hinzufügen
Keine Tags, Fügen Sie den ersten Tag hinzu!
|
| Thư viện lưu trữ: | Trung tâm Học liệu Trường Đại học Cần Thơ |
|---|
| LEADER | 00537nam a2200181Ia 4500 | ||
|---|---|---|---|
| 001 | CTU_67454 | ||
| 008 | 210402s9999 xx 000 0 und d | ||
| 020 | |b 92 | ||
| 082 | |a 572.8633 | ||
| 082 | |b P896 | ||
| 245 | 2 | |a A practical approach to microarray data analysis | |
| 245 | 0 | |c Edited by Daniel P. Berrar, Werner Dubitzky and Martin Granzow | |
| 260 | |a Boston, MA | ||
| 260 | |b Kluwer Academic Publishers | ||
| 260 | |c 2002 | ||
| 650 | |a dna microarrays | ||
| 904 | |i Minh | ||
| 980 | |a Trung tâm Học liệu Trường Đại học Cần Thơ | ||